| 000 | 00398nam a22001577a 4500 | ||
|---|---|---|---|
| 020 | _a978-81-226-1361-0 | ||
| 082 |
_a894.812.3 _bKHA/P |
||
| 100 | _aKHALID KALLUR | ||
| 245 | _aPRESTIGE BOY | ||
| 246 |
_aPRESTIGE BOY _bPRESTIGE BOY |
||
| 260 |
_aTHRISSUR _bCURRENT BOOKS _c2016 |
||
| 300 | _a116 | ||
| 520 | _aMALAYALAM SHORTSTORIES WITH MORALS | ||
| 650 | _aMALAYALAM SHORT STORIES | ||
| 942 | _cBK | ||
| 999 |
_c7642 _d7642 |
||